000 00338nam a22001217a 4500
082 _a220 PRO
100 _aJUNAID,SHAFQAT
_971889
245 _aPR-SOF-1371-DESIGN AND DEVELOPMENT OF A 5-DOF SERIAL MANIPULATOR
260 _aISLAMABAD
_bNUST COLLEGE OF EME
_c2001
650 _a DE-MECH-32
700 _aDR TARIQ TALHA
_931642
942 _cCR
999 _c578161
_d578161